Các biện pháp phòng trừ sâu bệnh hại cây trồng

Đã lưu trong:
Sonraí Bibleagrafaíochta
Formáid: Leabhar
Teanga:Undetermined
Foilsithe: Hà Nội VHDT 2002
Clibeanna: Cuir Clib Leis
Gan Chlibeanna, Bí ar an gcéad duine leis an taifead seo a chlibeáil!
Thư viện lưu trữ: Trung tâm Học liệu Trường Đại học Cần Thơ
LEADER 00389nam a2200133Ia 4500
001 CTU_49952
008 210402s9999 xx 000 0 und d
082 |a 632.9 
082 |b C101 
245 0 |a Các biện pháp phòng trừ sâu bệnh hại cây trồng 
260 |a Hà Nội 
260 |b VHDT 
260 |c 2002 
980 |a Trung tâm Học liệu Trường Đại học Cần Thơ